Statistics for Семь смертных грехов

Click here to take the quiz!

General Stats

  • This quiz has been taken 324 times
  • The average score is 4 of 7

Answer Stats

Грех% Correct
2Чревоугодие
76%
1Похоть
73%
7Гордыня
72%
6Зависть
63%
5Гнев
58%
3Жадность
53%
4Лень
47%

Score Distribution

Percentile by Number Answered

Percent of People with Each Score

Your Score History

You have not taken this quiz